[Event "DEN-ch G7 Gr1"]
[Site "Svendborg"]
[Date "2023.04.05"]
[Round "3"]
[White "Nielsen, Aage Sondergaard"]
[Black "Skaelbaek, Noah"]
[Result "0-1"]
[WhiteElo "1835"]
[BlackElo "1879"]
[PlyCount "78"]
[EventDate "2023.04.05"]
[EventType "swiss"]
[EventRounds "7"]
[EventCountry "DEN"]
[SourceTitle "CBM 213 Extra"]
[Source "ChessBase"]
[SourceDate "2023.05.31"]
[SourceVersion "1"]
[SourceVersionDate "2023.05.31"]
[SourceQuality "1"]

1. e4 c5 2. Nc3 a6 3. f4 b5 4. d3 Bb7 5. Nf3 Nc6 6. Be3 e6 7. Qe2 Nf6 8. e5 Nd5 9. Bd2 Ncb4 10. Rc1 Nxc3 11. bxc3 Nd5 12. c4 bxc4 13. dxc4 Nb4 14. a3 Nc6 15. Bc3 Be7 16. Qf2 0-0 17. Bd3 d6 18. Rd1 Qc7 19. Qg3 dxe5 20. fxe5 Rad8 21. 0-0 Nd4 22. Qh3 g6 23. Rde1 Rd7 24. Nxd4 cxd4 25. Bb2 Bg5 26. Qg3 Be3+ 27. Rxe3 dxe3 28. Qxe3 Bc6 29. Bc3 Qa7 30. c5 Rd5 31. Bd4 Rfd8 32. c3 Bb5 33. Rd1 Bxd3 34. Rxd3 Qb7 35. Kf2 Qb2+ 36. Kf3 Qxa3 37. c4 Qxd3 38. cxd5 Qd1+ 39. Kg3 Rxd5 0-1

[Event "DEN-ch G7 Gr1"]
[Site "Svendborg"]
[Date "2023.04.05"]
[Round "4"]
[White "Skaelbaek, Noah"]
[Black "Christensen, John Christoffer H"]
[Result "1/2-1/2"]
[WhiteElo "1879"]
[BlackElo "1924"]
[PlyCount "57"]
[EventDate "2023.04.05"]
[EventType "swiss"]
[EventRounds "7"]
[EventCountry "DEN"]
[SourceTitle "CBM 213 Extra"]
[Source "ChessBase"]
[SourceDate "2023.05.31"]
[SourceVersion "1"]
[SourceVersionDate "2023.05.31"]
[SourceQuality "1"]

1. e4 c5 2. c3 g6 3. d4 cxd4 4. cxd4 d5 5. exd5 Nf6 6. Nf3 Nxd5 7. Bc4 Nb6 8. Bb3 Bg7 9. Nc3 0-0 10. 0-0 Bg4 11. h3 Bxf3 12. Qxf3 Nc6 13. Ne2 Qd7 14. Be3 e6 15. Rfd1 Rfd8 16. Bg5 Ne7 17. Bf6 Rac8 18. Ng3 Bxf6 19. Qxf6 Nbd5 20. Qf3 Kg7 21. Ne4 b6 22. Ng5 Nf6 23. Ne4 Ned5 24. Nxf6 Nxf6 25. Rac1 Rc7 26. Qg3 Rdc8 27. Rxc7 Qxc7 28. Qe3 a5 29. d5 1/2-1/2

[Event "DEN-ch U16 rapid"]
[Site "Odense"]
[Date "2022.09.30"]
[Round "2"]
[White "Skaelbaek, Noah"]
[Black "Andries, Alf"]
[Result "0-1"]
[WhiteElo "1811"]
[BlackElo "2092"]
[PlyCount "68"]
[EventDate "2022.09.30"]
[EventType "swiss"]
[EventRounds "5"]
[EventCountry "DEN"]
[SourceTitle "EXT 2024"]
[Source "ChessBase"]
[SourceDate "2023.10.10"]
[SourceVersion "1"]
[SourceVersionDate "2023.10.10"]
[SourceQuality "1"]

1. e4 c5 2. c3 d5 3. exd5 Qxd5 4. d4 Nc6 5. Nf3 Bf5 6. Be3 cxd4 7. cxd4 Bxb1 8. Qxb1 e6 9. a3 Nf6 10. Be2 Be7 11. h3 0-0 12. 0-0 a5 13. Qd3 Rfd8 14. Rfd1 Qd6 15. Rac1 Rac8 16. Qb3 Qb8 17. Bc4 Nd5 18. Qd3 Bf6 19. Ba2 Rd7 20. Bg5 h6 21. Bxf6 Nxf6 22. Qe2 Rcd8 23. Qe3 Qa7 24. Ne5 Nxe5 25. Qxe5 Rxd4 26. Rxd4 Qxd4 27. Qxa5 Ne4 28. Qe1 Qxb2 29. Bb1 Nf6 30. a4 Qa3 31. Rd1 Rc8 32. a5 Qa4 33. Qd2 Nd5 34. Be4 Qxe4 0-1

[Event "DEN-ch U16 rapid"]
[Site "Odense"]
[Date "2022.09.30"]
[Round "5"]
[White "Skaelbaek, Noah"]
[Black "Wehding, Anton Bonsvig"]
[Result "1-0"]
[WhiteElo "1811"]
[BlackElo "1660"]
[PlyCount "75"]
[EventDate "2022.09.30"]
[EventType "swiss"]
[EventRounds "5"]
[EventCountry "DEN"]
[SourceTitle "EXT 2024"]
[Source "ChessBase"]
[SourceDate "2023.10.10"]
[SourceVersion "1"]
[SourceVersionDate "2023.10.10"]
[SourceQuality "1"]

1. e4 c6 2. d4 d5 3. exd5 cxd5 4. Bd3 Nc6 5. c3 Nf6 6. Bf4 Bg4 7. Qb3 Qd7 8. Nd2 e6 9. Ngf3 Bd6 10. Ne5 Bxe5 11. Bxe5 a6 12. h3 Bh5 13. Bg3 0-0 14. 0-0 Rac8 15. a4 Rfe8 16. Rfe1 Bg6 17. Bxg6 hxg6 18. a5 Na7 19. Bh2 Nb5 20. Nf3 Nd6 21. Ne5 Qe7 22. Re2 Nc4 23. Ra4 Nxe5 24. Bxe5 Ne4 25. Rb4 Qd8 26. Ra4 Qg5 27. Ra1 Re7 28. Qc2 f6 29. Bh2 e5 30. dxe5 fxe5 31. Qb3 Rc4 32. Rxe4 Rc5 33. Rae1 Rxa5 34. Rxe5 Rxe5 35. Bxe5 Qd2 36. Rd1 Qe2 37. Rxd5 Ra1+ 38. Rd1+ 1-0